Statistics for Countries A-Z (Part 7)

Click here to take the quiz!

General Stats

  • This quiz has been taken 8 times
  • The average score is 14 of 15

Answer Stats

Answer% Correct
Eswatini
100%
Somalia
100%
South Africa
100%
South Sudan
100%
Spain
100%
Sri Lanka
100%
Sudan
100%
Suriname
100%
Sweden
100%
Switzerland
100%
Syria
100%
Thailand
75%
Tajikistan
63%
Tanzania
63%
Solomon Islands
50%

Score Distribution

Percentile by Number Answered

Percent of People with Each Score

Your Score History

You have not taken this quiz